000 00429nam a2200169Ia 4500
001 25030
005 20260414151123.0
008 260414t2014||||xx |||||||||||||| ||spa||
041 _aESP
082 _a346.1
_bT74
100 _aTorres Flor, Analucía
_eAUT
245 0 _aDerecho a la identidad y reproducción humana asistida heteróloga
_b
260 _c2014
650 _aDER
654 _aCDE
942 _cLIB
_dJUS
_fJUS
_2ddc
_n
999 _c25030
_d25030